Caleidoscopio histórico (Registro nro. 437191)

Detalles MARC
000 -LÍDER
Campo fijo de descripción fija 00742nam a22002297a 4500
003 - IDENTIFICADOR DEL NÚMERO DE CONTROL
Campo de control BCEG
005 - FECHA Y HORA DE LA ULTIMA TRANSACCIÓN
control field 20260414140509.0
008 - ELEMENTOS DE LONGITUD FIJA -- INFORMACIÓN GENERAL
Campo fijo de descripción fija -- Información general 260414s2018 mx|||||| |||| 00| 0 spa d
020 ## - ISBN
Isbn 9786074849103
040 ## - FUENTE DE CATALOGACIÓN
Agencia de catalogación original BCEG
Idioma de catalogación spa
Agencia que realiza la transcripción BCEG
082 04 - NÚMERO DE CLASIFICACIÓN DECIMAL DEWEY
Número de clasificación 920.972
Clave de autor-Numero de item R459c
100 1# - ASIENTO PRINCIPAL--NOMBRE PERSONAL
Nombre del autor personal Reyna, María del Carmen,
245 10 - TÍTULO PROPIAMENTE DICHO
Título Caleidoscopio histórico
Otra información sobre el título - Subtitulo : datos biográficos de algunos personajes omitidos en la historia de México.
260 ## - PUBLICACIÓN, DISTRIBUCIÓN, ETC. (PIE DE IMPRENTA)
Lugar de publicación, distribución, etc. México :
Nombre del editor, distribuidor, etc. Instituto Nacional de Antropología e Historia,
Fecha de publicación, distribución, etc. 2018.
300 ## - DESCRIPCIÓN FÍSICA
Extensión 157 p.
490 ## - MENCIÓN DE SERIE
Mención de serie Colección Historia. Serie Enlace.
504 ## - NOTA DE BIBLIOGRAFÍA, ETC.
Nota de bibliografía, etc Incluye bibliografía.
541 ## - NOTA DE FUENTE INMEDIATA DE ADQUISICIÓN
Nota de fuente de adquisición Compra.
651 #4 - ENCABEZAMIENTO DE MATERIA -- NOMBRE GEOGRÁFICO
Nombre geográfico México
Subdivisión general Historia
Subdivisión de forma Biografías.
700 1# - ASIENTO SECUNDARIO - NOMBRE PERSONAL
Nombre personal Krammer, Jean-Paul,
Función o responsabilidad del autor coaut.
942 ## - TIPO DE MATERIAL (KOHA)
Tipo de Item KOHA Libro
Existencias
No para Préstamo Colección Biblioteca de Origen Biblioteca Permanente Fecha de Adquisición Fuente de Adquisicion Total de Préstamos Signatura Topográfica Código de Barras Última vez visto Tipo de Material
Material en Reserva General Biblioteca Central Estatal de Guanajuato, "Wigberto Jiménez Moreno" Biblioteca Central Estatal de Guanajuato, "Wigberto Jiménez Moreno" 14/04/2026 COMPRA-2025   920.972 R459c BCEG8655231143 14/04/2026 Libro